[Event "ChessOrg Schachfestival  2015"]
[Site "Bad Wörishofen"]
[Date "2015.03.04"]
[Round "7.28"]
[White "Bohnstorff, Michael"]
[Black "Astengo, Corrado"]
[Result "1/2-1/2"]
[WhiteElo "2044"]
[BlackElo "2123"]
[Annotator "chessorg"]
[PlyCount "40"]
[EventDate "2015.??.??"]
[WhiteTeam "Hamburg"]
[BlackTeam "Mendrisio"]

1. d4 d5 2. c3 Nf6 3. Bf4 g6 4. Nf3 Bg7 5. h3 O-O 6. e3 c5 7. Be2 Nc6 8. O-O b6
9. Nbd2 Bb7 10. Qa4 Nd7 11. Rfd1 Qc8 12. Rac1 e5 13. dxe5 Ndxe5 14. Nxe5 Nxe5
15. Nf3 Bc6 16. Qc2 Re8 17. Nxe5 Bxe5 18. Bxe5 Rxe5 19. Bf3 Qe8 20. Rd2 Qe6
1/2-1/2

[Event "ChessOrg Schachfestival  2015"]
[Site "Bad Wörishofen"]
[Date "2015.03.04"]
[Round "7.30"]
[White "Hess, Max"]
[Black "Fiedler, Wolfgang"]
[Result "1-0"]
[WhiteElo "2114"]
[BlackElo "2015"]
[Annotator "chessorg"]
[PlyCount "61"]
[EventDate "2015.??.??"]
[WhiteTeam "Post-SV Memmingen"]
[BlackTeam "SK Zirndorf e.V."]

1. e4 g6 2. d4 Bg7 3. Nc3 d6 4. Be3 e6 5. f4 Ne7 6. Nf3 d5 7. e5 b6 8. a4 a6 9.
Qd2 Nd7 10. Nd1 c5 11. c3 Bb7 12. Bd3 c4 13. Bc2 b5 14. Nf2 Nf5 15. g4 Nxe3 16.
Qxe3 Qe7 17. axb5 axb5 18. Rxa8+ Bxa8 19. O-O O-O 20. g5 h5 21. gxh6 Bxh6 22.
Ng4 Bg7 23. Ng5 Rb8 24. Qh3 Nf8 25. Rf3 Bc6 26. Qh4 f5 27. exf6 Bxf6 28. Rh3
Bxg5 29. fxg5 Rb6 30. Qh8+ Kf7 31. Bxg6+ 1-0

[Event "ChessOrg Schachfestival  2015"]
[Site "Bad Wörishofen"]
[Date "2015.03.04"]
[Round "7.63"]
[White "Jankowski, Moritz"]
[Black "Margraf, Christoph"]
[Result "1-0"]
[WhiteElo "1808"]
[BlackElo "1951"]
[Annotator "chessorg"]
[PlyCount "43"]
[EventDate "2015.??.??"]
[WhiteTeam "SK Marktoberdorf"]
[BlackTeam "SC Ansbach 1855 e.V."]

1. e4 e5 2. Nf3 Nc6 3. Bc4 Nf6 4. Ng5 Bc5 5. O-O O-O 6. d3 d6 7. Nc3 h6 8. Nf3
Bg4 9. Be3 Nd4 10. Na4 Nxf3+ 11. gxf3 Bh3 12. Re1 Nh5 13. Nxc5 Nf4 14. Bxf4
exf4 15. Kh1 Qg5 16. Rg1 Qxc5 17. Qd2 g5 18. Qxf4 Qxf2 19. Rxg5+ Kh7 20. Rg3
Rg8 21. Qxf7+ Kh8 22. Rxg8+ 1-0

[Event "ChessOrg Schachfestival  2015"]
[Site "Bad Wörishofen"]
[Date "2015.03.04"]
[Round "7.78"]
[White "Riedl, Guenter"]
[Black "Grunwald, Guenther"]
[Result "1-0"]
[WhiteElo "1899"]
[BlackElo "1686"]
[Annotator "chessorg"]
[PlyCount "61"]
[EventDate "2015.??.??"]
[WhiteTeam "SK Marktoberdorf"]
[BlackTeam "Schachverein Schwarz-Weiß Oberhausen 51/96"]

1. c4 e5 2. Nc3 Nf6 3. g3 c6 4. d4 exd4 5. Qxd4 Be7 6. Bg2 O-O 7. e4 d6 8. Nge2
c5 9. Qd2 Nc6 10. O-O a6 11. Nf4 Ne5 12. b3 Rb8 13. Nfd5 b5 14. Nxe7+ Qxe7 15.
cxb5 axb5 16. Nd5 Nxd5 17. exd5 Qc7 18. Bb2 f6 19. f4 Nd7 20. a4 bxa4 21. bxa4
Ba6 22. Rfe1 Nb6 23. Bc3 Nc4 24. Qc1 Na5 25. Re6 Nb3 26. Qe1 Nxa1 27. Re7 Qb6
28. Qe6+ Kh8 29. Be4 Bc8 30. Qf7 Rg8 31. Bxf6 1-0

[Event "ChessOrg Schachfestival  2015"]
[Site "Bad Wörishofen"]
[Date "2015.03.04"]
[Round "7.81"]
[White "Petersons, Ojars"]
[Black "Koch, Till"]
[Result "1-0"]
[WhiteElo "1760"]
[BlackElo "1889"]
[Annotator "chessorg"]
[PlyCount "59"]
[EventDate "2015.??.??"]
[BlackTeam "Schachverein Unser Fritz Wanne-Eickel 1955 e."]

1. d4 Nf6 2. Nf3 e6 3. e3 c5 4. Bd3 Nc6 5. b3 cxd4 6. exd4 d5 7. O-O Bd6 8. Bb2
O-O 9. Ne5 Qb6 10. Nxc6 Qxc6 11. Nd2 Re8 12. Qe2 Qc7 13. Nf3 a6 14. Ne5 Bf8 15.
f4 g6 16. Rf3 Bg7 17. Raf1 Nd7 18. Rh3 f5 19. Rg3 Nxe5 20. fxe5 b5 21. h4 Qf7
22. h5 Bf8 23. hxg6 hxg6 24. Qh5 Kg7 25. Bc1 Ra7 26. Qh6+ Kg8 27. Rxg6+ Bg7 28.
Rf3 Qe7 29. Rh3 Kf8 30. Rf6+ 1-0

[Event "ChessOrg Schachfestival  2015"]
[Site "Bad Wörishofen"]
[Date "2015.03.04"]
[Round "7.89"]
[White "Lindstaedt, Jan"]
[Black "Schneider, Waldemar"]
[Result "0-1"]
[WhiteElo "1446"]
[BlackElo "1808"]
[Annotator "chessorg"]
[PlyCount "58"]
[EventDate "2015.??.??"]
[WhiteTeam "SV Unser Fritz Wanne-Eickel"]

1. d4 d5 2. c4 c6 3. Nc3 dxc4 4. e4 e5 5. Be3 exd4 6. Qxd4 Qxd4 7. Bxd4 b5 8.
O-O-O Be6 9. f4 f6 10. g3 Bb4 11. Bg2 Ne7 12. Nf3 O-O 13. Rhe1 a5 14. e5 f5 15.
Ng5 Bd5 16. Bxd5+ cxd5 17. Re2 Bxc3 18. Bxc3 b4 19. Be1 Ra6 20. Bf2 h6 21. Nf3
Rc8 22. h3 Nd7 23. e6 Nc5 24. Bxc5 Rxc5 25. Re5 a4 26. g4 a3 27. Rd2 b3 28.
axb3 cxb3+ 29. Kb1 a2+ 0-1

[Event "ChessOrg Schachfestival  2015"]
[Site "Bad Wörishofen"]
[Date "2015.03.04"]
[Round "7.1"]
[White "Gutman, Lev"]
[Black "Pap, Misa"]
[Result "1/2-1/2"]
[WhiteElo "2426"]
[BlackElo "2459"]
[Annotator "chessorg"]
[PlyCount "47"]
[EventDate "2015.??.??"]
[WhiteTeam "SV Lingen"]
[BlackTeam "SF Korbach"]

1. Nf3 c5 2. g3 Nc6 3. Bg2 g6 4. O-O Bg7 5. c3 e5 6. a3 c4 7. d3 cxd3 8. exd3
d5 9. b4 Nge7 10. Re1 f6 11. b5 Na5 12. a4 O-O 13. Ba3 Re8 14. Nbd2 Be6 15. Bb4
Nf5 16. g4 Nd6 17. g5 Bf7 18. gxf6 Bxf6 19. h4 h6 20. Nh2 Bg7 21. Ng4 Be6 22.
Ne3 e4 23. dxe4 dxe4 24. Ndf1 1/2-1/2

[Event "ChessOrg Schachfestival  2015"]
[Site "Bad Wörishofen"]
[Date "2015.03.04"]
[Round "7.5"]
[White "Halkias, Stelios"]
[Black "Guttenthaler, Franz"]
[Result "1-0"]
[WhiteElo "2527"]
[BlackElo "2243"]
[Annotator "chessorg"]
[PlyCount "111"]
[EventDate "2015.??.??"]
[BlackTeam "Schachklub Germering e. V."]

1. Nf3 Nf6 2. c4 e6 3. g3 b6 4. Bg2 Bb7 5. O-O Be7 6. d4 O-O 7. Re1 d5 8. cxd5
exd5 9. Nc3 Nbd7 10. Bf4 c5 11. dxc5 Nxc5 12. Nd4 Nce4 13. Qb3 Bc5 14. Rad1 Ng4
15. Nxe4 dxe4 16. h3 Bd5 17. Qc3 Nf6 18. b4 Bxd4 19. Rxd4 Qe7 20. Qd2 Qe6 21.
Rd1 Bb7 22. Rd6 Qe7 23. Qd4 Rfe8 24. Bg5 Qe5 25. Qxe5 Rxe5 26. Bxf6 gxf6 27.
Rxf6 Bd5 28. a3 Be6 29. Rf4 f5 30. g4 Re8 31. e3 Kg7 32. Ra1 Rc8 33. Rd1 Rc3
34. gxf5 Bxf5 35. Rd4 Rxa3 36. Bxe4 Bxh3 37. Rh4 Ra1+ 38. Kh2 Bf5 39. Bxf5 Rxf5
40. Rd7+ Kg6 41. f4 h5 42. Rh3 Ra2+ 43. Kg3 Rb5 44. Kf3 Kf6 45. Rd6+ Ke7 46.
Rh6 Rxb4 47. R3xh5 Rb1 48. Re5+ Kf7 49. Rd5 Ke7 50. f5 Ra5 51. Re6+ Kf7 52.
Rxa5 bxa5 53. Ra6 Rb5 54. e4 Rb7 55. Kf4 Kf8 56. Rxa5 1-0

[Event "ChessOrg Schachfestival  2015"]
[Site "Bad Wörishofen"]
[Date "2015.03.04"]
[Round "7.6"]
[White "Grawe, Christian"]
[Black "Mainka, Romuald"]
[Result "1-0"]
[WhiteElo "2192"]
[BlackElo "2423"]
[Annotator "chessorg"]
[PlyCount "87"]
[EventDate "2015.??.??"]
[WhiteTeam "Schachklub Germering e. V."]
[BlackTeam "Schachclub Hansa Dortmund e.V."]

1. e4 e5 2. Nf3 Nc6 3. Bb5 a6 4. Ba4 Nf6 5. O-O Be7 6. Re1 b5 7. Bb3 d6 8. c3
O-O 9. h3 a5 10. a4 b4 11. d4 Ba6 12. Nbd2 bxc3 13. bxc3 exd4 14. cxd4 Nb4 15.
Ba3 d5 16. Ne5 Bb7 17. exd5 Bxd5 18. Rc1 Ra6 19. Re3 Bxb3 20. Nxb3 Nfd5 21. Rg3
Bh4 22. Rf3 Bg5 23. Rc4 f6 24. Nc5 Rb6 25. Ned7 Re8 26. Nxb6 Nxb6 27. Rcc3 N6d5
28. Rb3 Re7 29. Rb1 Kh8 30. g3 Qe8 31. Kg2 h5 32. h4 Bh6 33. Bxb4 axb4 34. Qd3
Qa8 35. Qg6 Re2 36. Qxh5 Ne3+ 37. Kg1 Nd5 38. Rxf6 Nc3 39. Rxh6+ gxh6 40. Qxh6+
Kg8 41. Qg5+ Kf7 42. Qf5+ Kg7 43. Ra1 Qe8 44. a5 1-0

[Event "ChessOrg Schachfestival  2015"]
[Site "Bad Wörishofen"]
[Date "2015.03.04"]
[Round "7.7"]
[White "Weisenburger, Horst"]
[Black "Pezerovic, Edin"]
[Result "0-1"]
[WhiteElo "2163"]
[BlackElo "2413"]
[Annotator "chessorg"]
[PlyCount "70"]
[EventDate "2015.??.??"]
[BlackTeam "Muenchener SC 1836 e.V."]

1. e4 c6 2. Nf3 d5 3. exd5 cxd5 4. Ne5 Nf6 5. d4 g6 6. Bd3 Bg7 7. O-O Nc6 8.
Be3 O-O 9. h3 Qb6 10. Qc1 Nb4 11. Be2 Bf5 12. Na3 Ne4 13. c3 Nc6 14. g4 Be6 15.
Nd3 Rfc8 16. Qe1 Na5 17. b4 Nc6 18. Nc5 Nxc5 19. dxc5 Qc7 20. f4 a6 21. Nc2 Re8
22. Nd4 Bd7 23. f5 e5 24. Nxc6 Qxc6 25. Qh4 gxf5 26. gxf5 Bf6 27. Qh6 Kh8 28.
b5 Rg8+ 29. Kh1 axb5 30. Bxb5 d4+ 31. Bxc6 Bxc6+ 32. Kh2 Rg2+ 33. Kh1 Rgxa2+
34. Rf3 Bxf3+ 35. Kg1 Rg2+ 0-1

[Event "ChessOrg Schachfestival  2015"]
[Site "Bad Wörishofen"]
[Date "2015.03.04"]
[Round "7.9"]
[White "Haasler, Andreas"]
[Black "Rudolf, Anna"]
[Result "1/2-1/2"]
[WhiteElo "2252"]
[BlackElo "2319"]
[Annotator "chessorg"]
[PlyCount "117"]
[EventDate "2015.??.??"]
[WhiteTeam "Sfr.Heidesheim"]
[BlackTeam "Rodewischer Schachmiezen"]

1. Nf3 d5 2. d4 Nf6 3. c4 e6 4. Nc3 Be7 5. Bg5 h6 6. Bh4 O-O 7. e3 b6 8. g4 Bb7
9. Bxf6 Bxf6 10. cxd5 exd5 11. h4 Be7 12. Bd3 Bc8 13. g5 h5 14. Ne5 g6 15. Qc2
Qd6 16. Nb5 Qb4+ 17. Ke2 Bd8 18. a3 Qe7 19. b4 a6 20. Nc3 Qd6 21. f4 Nc6 22.
Nxc6 Qxc6 23. Kd2 Re8 24. Qb3 Be6 25. f5 Bxf5 26. Bxf5 gxf5 27. Qxd5 Qxd5 28.
Nxd5 c5 29. Kd3 Ra7 30. Raf1 cxb4 31. axb4 a5 32. b5 a4 33. Rxf5 a3 34. Nf6+
Bxf6 35. gxf6 Re6 36. e4 a2 37. Ra1 Ra3+ 38. Kc4 Rxe4 39. Rxh5 Ra4+ 40. Kb3
Rexd4 41. Rg1+ Rg4 42. Rxg4+ Rxg4 43. Kxa2 Rf4 44. Kb3 Rxf6 45. Kc4 Kg7 46. Kd5
Kg6 47. Rh8 Kg7 48. Rc8 Rf5+ 49. Kc4 Rh5 50. Rc6 Rxh4+ 51. Kd5 Rh5+ 52. Kc4 Rh6
53. Kd5 Rh5+ 54. Kc4 Rh6 55. Kd5 Rg6 56. Rxg6+ fxg6 57. Kc6 g5 58. Kxb6 g4 59.
Kc7 1/2-1/2

[Event "ChessOrg Schachfestival  2015"]
[Site "Bad Wörishofen"]
[Date "2015.03.04"]
[Round "7.12"]
[White "Arnold, Max"]
[Black "Pirrot, Dieter"]
[Result "1/2-1/2"]
[WhiteElo "2189"]
[BlackElo "2376"]
[Annotator "chessorg"]
[PlyCount "40"]
[EventDate "2015.??.??"]
[WhiteTeam "SF Dornstetten-Pfalzgrafenweiler e.V."]
[BlackTeam "SV 1920 Hofheim"]

1. d4 d5 2. Nf3 Nc6 3. Bf4 Bg4 4. e3 e6 5. c4 Bb4+ 6. Nc3 Nge7 7. Rc1 O-O 8. h3
Bxf3 9. Qxf3 e5 10. dxe5 d4 11. exd4 Qxd4 12. Rd1 Qc5 13. Be2 Nxe5 14. Qe4 N5g6
15. Be3 Bxc3+ 16. bxc3 Qa5 17. O-O Nf5 18. Rd5 Qxa2 19. Rxf5 Qxe2 20. Qxb7 Qxc4
1/2-1/2

[Event "ChessOrg Schachfestival  2015"]
[Site "Bad Wörishofen"]
[Date "2015.03.04"]
[Round "7.14"]
[White "Estremera, Sergio"]
[Black "Lipok, Christoph"]
[Result "1-0"]
[WhiteElo "2353"]
[BlackElo "2161"]
[Annotator "chessorg"]
[PlyCount "73"]
[EventDate "2015.??.??"]
[BlackTeam "SK 1908 Goeggingen"]

1. Nf3 d5 2. c4 c6 3. e3 Nf6 4. Nc3 a6 5. Qc2 g6 6. b3 Bg7 7. Bb2 O-O 8. Be2 b5
9. d4 Bf5 10. Bd3 Bxd3 11. Qxd3 bxc4 12. bxc4 Qa5 13. O-O Nbd7 14. Nd2 Rab8 15.
Nb3 Qb4 16. cxd5 cxd5 17. Qxa6 Qc4 18. Qa3 Ra8 19. Qxe7 Ra6 20. Nd2 Qc6 21. a4
Rb8 22. Qa3 Bf8 23. Qa2 Bb4 24. Rfc1 Qe6 25. Nf3 Nb6 26. Ne5 Bxc3 27. Bxc3 Nxa4
28. Be1 Ne4 29. Qc2 f6 30. Rxa4 Rxa4 31. Qxa4 fxe5 32. dxe5 Qxe5 33. Qd7 Nf6
34. Rc8+ Rxc8 35. Qxc8+ Kf7 36. Bc3 Qe7 37. Qc6 1-0

[Event "ChessOrg Schachfestival  2015"]
[Site "Bad Wörishofen"]
[Date "2015.03.04"]
[Round "7.41"]
[White "Schmitzer, Peter"]
[Black "Beck, Andreas"]
[Result "1-0"]
[WhiteElo "2060"]
[BlackElo "1879"]
[Annotator "chessorg"]
[PlyCount "47"]
[EventDate "2015.??.??"]
[WhiteTeam "SC Roter Turm Altstadt"]
[BlackTeam "TSV Germania 1900 Malschenberg"]

1. d4 c5 2. d5 d6 3. c4 e5 4. e4 Be7 5. Nc3 Bg5 6. Nf3 Bxc1 7. Rxc1 Nh6 8. Be2
O-O 9. O-O f5 10. exf5 Bxf5 11. h3 Nd7 12. Bd3 g6 13. Qd2 Nf7 14. Rce1 Nf6 15.
Bxf5 gxf5 16. Ng5 Nxg5 17. Qxg5+ Kh8 18. f4 Nd7 19. Qxd8 Raxd8 20. Nb5 e4 21.
Nxd6 a6 22. g4 Nb6 23. Nxb7 Rd7 24. Nxc5 1-0

[Event "ChessOrg Schachfestival  2015"]
[Site "Bad Wörishofen"]
[Date "2015.03.04"]
[Round "7.55"]
[White "Hamlack, Heinz"]
[Black "Eschle, Hubert"]
[Result "1-0"]
[WhiteElo "2003"]
[BlackElo "1834"]
[Annotator "chessorg"]
[PlyCount "67"]
[EventDate "2015.??.??"]
[WhiteTeam "Post-SV Memmingen e.V."]
[BlackTeam "SR Spaichingen"]

1. d4 Nf6 2. Nf3 g6 3. Nbd2 Bg7 4. e4 d6 5. Bd3 O-O 6. O-O Nc6 7. c3 e5 8. a3
Nh5 9. Nb3 Bg4 10. Be2 Nf4 11. Bxf4 exf4 12. h3 Bd7 13. Re1 g5 14. d5 Ne5 15.
Nxe5 Bxe5 16. Nd4 a6 17. Bg4 Bxd4 18. cxd4 f5 19. e5 fxg4 20. e6 gxh3 21. e7
Qe8 22. exf8=Q+ Qxf8 23. Qh5 Qg7 24. gxh3 Rf8 25. Rac1 g4 26. h4 g3 27. Qg5
Qxg5 28. hxg5 c6 29. fxg3 cxd5 30. Rc7 Bc6 31. gxf4 Rxf4 32. Rc8+ Rf8 33. Rxf8+
Kxf8 34. Re6 1-0

[Event "ChessOrg Schachfestival  2015"]
[Site "Bad Wörishofen"]
[Date "2015.03.04"]
[Round "7.60"]
[White "Antoniacci, Riccardo"]
[Black "Distelrath, Oliver"]
[Result "1-0"]
[WhiteElo "1825"]
[BlackElo "1955"]
[Annotator "chessorg"]
[PlyCount "77"]
[EventDate "2015.??.??"]
[WhiteTeam "DLF Rimini"]
[BlackTeam "Schachverein Unser Fritz Wanne-Eickel 1955 e."]

1. e4 d6 2. Nc3 Nf6 3. Bc4 Bg4 4. f3 Bd7 5. d4 e6 6. Bb3 Nc6 7. Be3 Na5 8. Nge2
Nxb3 9. axb3 d5 10. e5 Ng8 11. Ng3 h5 12. f4 h4 13. Nge2 Nh6 14. Qd3 Nf5 15.
Kd2 Bb4 16. Bf2 a6 17. g4 Bb5 18. Qf3 Nh6 19. f5 Qg5+ 20. Be3 Qxg4 21. Qxg4
Nxg4 22. fxe6 fxe6 23. Rhg1 Bxe2 24. Kxe2 Nxe3 25. Kxe3 Bxc3 26. bxc3 Rh7 27.
Raf1 Ke7 28. Rg6 Re8 29. Kd3 Kd7 30. c4 dxc4+ 31. Kxc4 Re7 32. Rf4 b6 33. Kd3
c5 34. dxc5 b5 35. Rd4+ Kc6 36. b4 Rh6 37. Rd6+ Kb7 38. Rxh6 gxh6 39. c4 1-0

[Event "ChessOrg Schachfestival  2015"]
[Site "Bad Wörishofen"]
[Date "2015.03.04"]
[Round "7.72"]
[White "Riegler, Dieter"]
[Black "Guggenberger, Guido"]
[Result "1/2-1/2"]
[WhiteElo "2083"]
[BlackElo "2002"]
[Annotator "chessorg"]
[PlyCount "36"]
[EventDate "2015.??.??"]
[WhiteTeam "SF Heidelberg"]
[BlackTeam "TV Tegernsee"]

1. d4 d5 2. c4 e6 3. Nc3 c5 4. cxd5 exd5 5. Nf3 Nc6 6. g3 Nf6 7. Bg2 Be7 8. O-O
O-O 9. dxc5 Bxc5 10. a3 Re8 11. b4 Bb6 12. Na4 Bc7 13. Bb2 Bg4 14. Nc5 Qc8 15.
Rc1 Ne4 16. Qxd5 Nxc5 17. Qxc5 Rxe2 18. Qc3 Qf8 1/2-1/2

[Event "ChessOrg Schachfestival  2015"]
[Site "Bad Wörishofen"]
[Date "2015.03.04"]
[Round "7.88"]
[White "Kluegel, Jan"]
[Black "Albert-Thiele, Uwe"]
[Result "1-0"]
[WhiteElo "1917"]
[BlackElo "1451"]
[Annotator "chessorg"]
[PlyCount "31"]
[EventDate "2015.??.??"]
[WhiteTeam "SV VHS Rendsburg"]
[BlackTeam "SK Freiburg West 1967"]

1. d4 d5 2. Bf4 Bf5 3. e3 e6 4. Nf3 h6 5. c4 c6 6. Qb3 Qb6 7. c5 Qxb3 8. axb3
Nd7 9. Nc3 Be7 10. b4 Ngf6 11. h3 O-O 12. b5 Rfc8 13. bxc6 bxc6 14. Ba6 Rf8 15.
Bb7 Rae8 16. Bxc6 1-0

[Event "ChessOrg Schachfestival  2015"]
[Site "Bad Wörishofen"]
[Date "2015.03.05"]
[Round "8.23"]
[White "Lipok, Christoph"]
[Black "Schmitzer, Peter"]
[Result "1-0"]
[WhiteElo "2161"]
[BlackElo "2060"]
[Annotator "chessorg"]
[PlyCount "47"]
[EventDate "2015.??.??"]
[WhiteTeam "SK 1908 Goeggingen"]
[BlackTeam "SC Roter Turm Altstadt"]

1. d4 Nf6 2. Nf3 d6 3. c4 g6 4. Nc3 Bg7 5. e4 O-O 6. Be2 Nbd7 7. O-O c5 8. d5
b6 9. h3 Ne5 10. Nxe5 dxe5 11. a3 a5 12. Be3 Ne8 13. b4 axb4 14. axb4 Rxa1 15.
Qxa1 cxb4 16. Na4 b5 17. cxb5 Nd6 18. Nc5 f5 19. f3 Bd7 20. Qa6 Rf6 21. b6 Nc8
22. Nxd7 Qxd7 23. b7 Rxa6 24. Bxa6 1-0

[Event "ChessOrg Schachfestival  2015"]
[Site "Bad Wörishofen"]
[Date "2015.03.05"]
[Round "8.34"]
[White "Schoenberger, Peter"]
[Black "Duckstein, Torsten"]
[Result "1-0"]
[WhiteElo "2097"]
[BlackElo "1944"]
[Annotator "chessorg"]
[PlyCount "33"]
[EventDate "2015.??.??"]
[WhiteTeam "Caissa Schwarmstedt"]
[BlackTeam "SF Bremer Osten"]

1. e4 d5 2. exd5 Qxd5 3. Nc3 Qd6 4. d4 a6 5. g3 Nf6 6. Bg2 c6 7. Nge2 Bg4 8.
O-O e6 9. Bf4 Qd8 10. h3 Bh5 11. g4 Bg6 12. Bg3 Bd6 13. Nf4 Qc7 14. Qf3 Nbd7
15. Rfe1 Kf8 16. g5 e5 17. Nxg6+ 1-0

[Event "ChessOrg Schachfestival  2015"]
[Site "Bad Wörishofen"]
[Date "2015.03.05"]
[Round "8.38"]
[White "Schiffer, Steve"]
[Black "Mattes, Heinz"]
[Result "1/2-1/2"]
[WhiteElo "2073"]
[BlackElo "1997"]
[Annotator "chessorg"]
[PlyCount "55"]
[EventDate "2015.??.??"]
[WhiteTeam "Freibauer Moerlenbach-Birkenau"]
[BlackTeam "SK Siemens Muenchen"]

1. e4 e6 2. d4 d5 3. exd5 exd5 4. Bd3 Bd6 5. Nc3 c6 6. h3 Be6 7. Nf3 Nd7 8. Be3
Ngf6 9. O-O O-O 10. Ng5 Qc7 11. Qd2 a6 12. Rae1 c5 13. dxc5 Nxc5 14. Bxc5 Bxc5
15. Rxe6 fxe6 16. Nxe6 Qa5 17. Nxf8 Rxf8 18. Qe2 Kh8 19. a3 Qc7 20. Nd1 Qf4 21.
Qe6 g6 22. Kh1 Re8 23. Qf7 Bd6 24. g3 Qf3+ 25. Kg1 Bxg3 26. fxg3 Qxg3+ 27. Kh1
Qxh3+ 28. Kg1 1/2-1/2

[Event "ChessOrg Schachfestival  2015"]
[Site "Bad Wörishofen"]
[Date "2015.03.05"]
[Round "8.44"]
[White "Wimmer, Thomas Bo"]
[Black "Kerber, Alfred"]
[Result "1-0"]
[WhiteElo "1885"]
[BlackElo "2024"]
[Annotator "chessorg"]
[PlyCount "45"]
[EventDate "2015.??.??"]
[WhiteTeam "SK Marburg 1931/72"]
[BlackTeam "SK Reutte"]

1. d4 b6 2. c4 e6 3. e4 Bb7 4. Bd3 f5 5. exf5 Bxg2 6. Qh5+ g6 7. fxg6 Bg7 8.
gxh7+ Kf8 9. Bg5 Nf6 10. Qh4 Bxh1 11. Ne2 d6 12. Nf4 Kf7 13. Bg6+ Ke7 14. Nh5
Qf8 15. Nd2 Nbd7 16. Ne4 Bxe4 17. Qxe4 c5 18. Nf4 d5 19. cxd5 cxd4 20. Nxe6 Nc5
21. Nxc5+ Kd6 22. Qe6+ Kxc5 23. Qc6+ 1-0

[Event "ChessOrg Schachfestival  2015"]
[Site "Bad Wörishofen"]
[Date "2015.03.05"]
[Round "8.59"]
[White "Lotz, Ralf"]
[Black "Urban, Rudolf"]
[Result "0-1"]
[WhiteElo "1952"]
[BlackElo "1874"]
[Annotator "chessorg"]
[PlyCount "104"]
[EventDate "2015.??.??"]
[WhiteTeam "SC 1952 Obertshausen"]
[BlackTeam "SC Roter Turm Altstadt"]

1. d4 Nf6 2. Nf3 d5 3. c4 e6 4. Nc3 c6 5. e3 Bd6 6. Bd2 a6 7. Rc1 O-O 8. Bd3
Bd7 9. O-O dxc4 10. Bxc4 b5 11. Bd3 c5 12. dxc5 Bc7 13. e4 e5 14. Nd5 h6 15.
Bc3 Re8 16. Bb1 Bc6 17. Nxc7 Qxc7 18. Re1 Rd8 19. Bxe5 Rxd1 20. Bxc7 Rxc1 21.
Rxc1 Nxe4 22. Ne5 Bd5 23. Rd1 Nf6 24. Bd8 Bb7 25. Bxf6 gxf6 26. Rd8+ Kg7 27.
Ng4 Nc6 28. Rxa8 Bxa8 29. Be4 f5 30. Bxc6 Bxc6 31. Ne5 Bd5 32. a3 f4 33. f3 Kf6
34. Nd3 Kf5 35. Kf2 a5 36. b4 a4 37. g3 fxg3+ 38. hxg3 Bc6 39. Ke3 h5 40. Nc1
Ke5 41. f4+ Kd5 42. Nd3 f6 43. Nb2 Bd7 44. Kd3 Bf5+ 45. Kc3 Ke4 46. Nd3 Kf3 47.
c6 Kxg3 48. c7 h4 49. Kd4 h3 50. Nc5 h2 51. Kd5 h1=Q+ 52. Kd6 Qh8 0-1

[Event "ChessOrg Schachfestival  2015"]
[Site "Bad Wörishofen"]
[Date "2015.03.05"]
[Round "8.1"]
[White "Pap, Misa"]
[Black "Lampert, Jonas"]
[Result "1-0"]
[WhiteElo "2459"]
[BlackElo "2454"]
[Annotator "chessorg"]
[PlyCount "129"]
[EventDate "2015.??.??"]
[WhiteTeam "SF Korbach"]
[BlackTeam "Hamburger SK von 1830 eV"]

1. e4 e5 2. Nf3 Nc6 3. Bb5 g6 4. c3 Nge7 5. d4 exd4 6. cxd4 d5 7. exd5 Nxd5 8.
O-O Bg7 9. Re1+ Be6 10. Bxc6+ bxc6 11. Bg5 Qb8 12. Nc3 O-O 13. Qd2 Re8 14. Bh6
Bh8 15. Ne5 Qb6 16. Rac1 f6 17. Nxd5 cxd5 18. Nc6 Kf7 19. Qf4 Bf5 20. Rxe8 Rxe8
21. Qd2 Bd7 22. Nb4 c6 23. Be3 Bg7 24. Nd3 Bf8 25. h4 Bf5 26. Nc5 Bxc5 27. Rxc5
Rb8 28. b3 a6 29. Bf4 Re8 30. f3 Bd7 31. g4 Qd8 32. Kf2 Qe7 33. Rc1 h5 34. gxh5
gxh5 35. Qd3 f5 36. Rh1 a5 37. Qd2 Qb4 38. Qxb4 axb4 39. Bd6 Bc8 40. Bxb4 Ba6
41. Kg3 Re2 42. Ra1 Kf6 43. Bc5 Rb2 44. b4 Bc4 45. a4 Ba6 46. Re1 Rd2 47. a5
Re2 48. Rxe2 Bxe2 49. Kf4 Ba6 50. Ba7 Bb5 51. Bb8 Be2 52. Be5+ Kg6 53. Bh8 Kh7
54. Bf6 Kg6 55. Bg5 Kf7 56. Kxf5 Bxf3 57. a6 Bg4+ 58. Ke5 Bc8 59. a7 Bb7 60.
Kd6 Ke8 61. Kc7 Ba8 62. Kb8 Kd7 63. Kxa8 Kc7 64. Bf4+ Kc8 65. Be5 1-0

[Event "ChessOrg Schachfestival  2015"]
[Site "Bad Wörishofen"]
[Date "2015.03.05"]
[Round "8.12"]
[White "Pitschka, Claus"]
[Black "Friedrich, Norbert"]
[Result "0-1"]
[WhiteElo "2213"]
[BlackElo "2336"]
[Annotator "chessorg"]
[PlyCount "41"]
[EventDate "2015.??.??"]
[WhiteTeam "SC Garching 1980 e.V."]
[BlackTeam "SGEM Waldshut-Tiengen"]

1. d4 d5 2. c4 e6 3. Nc3 c6 4. e3 Nf6 5. Nf3 Nbd7 6. Qc2 b6 7. b3 Bb7 8. Bb2
Be7 9. Bd3 O-O 10. O-O h6 11. Rad1 Qc7 12. e4 dxe4 13. Nxe4 Nxe4 14. Bxe4 Nf6
15. Bd3 c5 16. Ne5 Rad8 17. dxc5 Bxc5 18. Rfe1 Rd6 19. Be2 Ne4 20. Ng4 f5 21.
Bf3 0-1

[Event "ChessOrg Schachfestival  2015"]
[Site "Bad Wörishofen"]
[Date "2015.03.05"]
[Round "8.21"]
[White "Bader, Gerd"]
[Black "Kugelmann, Werner"]
[Result "1/2-1/2"]
[WhiteElo "2045"]
[BlackElo "2181"]
[Annotator "chessorg"]
[PlyCount "55"]
[EventDate "2015.??.??"]
[WhiteTeam "SG Schwaebisch Gmuend 1872 e.V"]
[BlackTeam "TSV Wertingen 1862 SAbt"]

1. Nf3 Nf6 2. d3 g6 3. e4 d6 4. g3 Bg7 5. Bg2 O-O 6. O-O e5 7. c3 Nc6 8. b4 a6
9. Bb2 Re8 10. Nbd2 d5 11. a3 dxe4 12. dxe4 h6 13. Qe2 Be6 14. Rad1 Qe7 15. c4
Nd7 16. Rfe1 Kh7 17. Nf1 Bg4 18. h3 Bxf3 19. Qxf3 Nd4 20. Qc3 Nb6 21. Qc1 Na4
22. Ba1 a5 23. Ne3 axb4 24. Nd5 Qd8 25. axb4 c6 26. Ne3 Nb6 27. c5 Nd7 28. Nc4
1/2-1/2

[Event "ChessOrg Schachfestival  2015"]
[Site "Bad Wörishofen"]
[Date "2015.03.05"]
[Round "8.29"]
[White "Jussupow, Nadja"]
[Black "Diotallevi, Maurizio"]
[Result "1-0"]
[WhiteElo "2122"]
[BlackElo "2016"]
[Annotator "chessorg"]
[PlyCount "51"]
[EventDate "2015.??.??"]
[WhiteTeam "SK Krumbach"]
[BlackTeam "Castelfidardo"]

1. d4 d5 2. c4 e6 3. Nc3 Nf6 4. cxd5 exd5 5. Bg5 Be7 6. e3 c6 7. Qc2 Nbd7 8.
Nf3 Nf8 9. h3 Ne6 10. Bh4 g6 11. Bd3 Ng7 12. O-O-O Bf5 13. g4 Bxd3 14. Qxd3 Nd7
15. Bg3 b5 16. Kb1 b4 17. Ne2 Qb6 18. Rc1 O-O-O 19. e4 Kb7 20. exd5 cxd5 21.
Bc7 Qa6 22. Qxa6+ Kxa6 23. Bxd8 Rxd8 24. Nf4 Kb7 25. Nxd5 Bd6 26. Ng5 1-0

[Event "ChessOrg Schachfestival  2015"]
[Site "Bad Wörishofen"]
[Date "2015.03.05"]
[Round "8.49"]
[White "Knoll, Georg"]
[Black "Riedl, Guenter"]
[Result "1-0"]
[WhiteElo "2029"]
[BlackElo "1899"]
[Annotator "chessorg"]
[PlyCount "41"]
[EventDate "2015.??.??"]
[WhiteTeam "VfL Leipheim 1898"]
[BlackTeam "SK Marktoberdorf"]

1. d4 d5 2. Nf3 Nf6 3. g3 e6 4. Bg2 Be7 5. O-O O-O 6. c4 c6 7. Qc2 Ne4 8. Nbd2
Nxd2 9. Bxd2 Nd7 10. Rfd1 Bf6 11. e4 g6 12. e5 Bg7 13. Ng5 dxc4 14. Ne4 Kh8 15.
Bb4 Rg8 16. Nd6 Qf8 17. Ba3 Bxe5 18. dxe5 Nxe5 19. Qc3 Qg7 20. f4 Ng4 21. Nxf7#
1-0